| 000 | 00673pam a2200229 a 4500 | ||
|---|---|---|---|
| 001 | 2454135 | ||
| 005 | 20180122072335.0 | ||
| 008 | 890403s1990 caua b 001 0 eng | ||
| 010 | _a 89032871 | ||
| 020 | _a0534116647 | ||
| 040 |
_aDLC _cDLC _dDLC |
||
| 041 | _aeng | ||
| 080 | _a155.2 JER | ||
| 082 | 0 | 0 |
_a155.2 JER _220 |
| 100 | 1 | _a49 | |
| 101 | _aPSI | ||
| 245 | 1 | 0 |
_aPersonality / _cJerry M. Burger. |
| 504 | _aIncludes bibliographical references and indexes. | ||
| 906 |
_a7 _bcbc _corignew _d1 _eocip _f19 _gy-gencatlg |
||
| 942 |
_2ddc _cBK |
||
| 999 |
_c40659 _d40659 |
||